000 01183cam a22003377a 4500
003 CHAP
005 20220329142214.0
008 000215d1999 mx r 00110 spa d
010 _a79890
011 _a80862
035 _a91316
040 _cCHAP
090 _aTesis
100 0 0 _aAparicio Velazquez, Francisco.
_96219
245 1 0 _aIntensidad del aporqué en la producción de cebolla (Allium cepa L.)
_c/por Francisco Aparicio Velázquez
260 _aChapingo, Méx. :
_bEl autor,
_c1999.
300 _a82 h. :
_bgráfs. ; cuadros
502 _aTesis (Ing. Agr. Esp. en Fitotecnia) -- UACH. Departamento de Fitotecnia
590 _aALEPH
_b10
_c20130110
_lUCH01
_h1434
590 _aBATCH-UPD
_b10
_c20130110
_lUCH01
_h0641
590 _aBATCH-UPD
_b10
_c20130410
_lUCH01
_h0325
590 _aCONVERSION
_b10
_c20130109
_lUCH01
_h1344
650 1 4 _aCebolla
_xRendimiento.
_920801
650 1 4 _aCebolla
_xTrasplante.
_920806
901 _aBK
905 _aGuadalupe Pinto C.
942 _cFOLL
949 _bBC
_cTES
_d33724000710364
_eTS2
_fc.2
_h34361
_i91316
_si
949 _bBC
_cTES
_d33724000761060
_eTS2
_fc.3
_h35832
_i91316
_si
949 _bBC
_cTES
_d913161
_eTS1
_h34360
_i91316
_sb
999 _c79890
_d79890